Commentarii in Scriptum sacram
Uloženo v:
| Hlavní autor: | |
|---|---|
| Médium: | Kniha |
| Jazyk: | latina |
| Vydáno: |
León
J. B. Pelagaud et Socios
1854
|
| Vydání: | 1a. ed |
| Témata: | |
| Tagy: |
Přidat tag
Žádné tagy, Buďte první, kdo vytvoří štítek k tomuto záznamu!
|
MARC
| LEADER | 00000cam a2200000 a 4500 | ||
|---|---|---|---|
| 001 | UCD3502 | ||
| 003 | CL-VaPUC | ||
| 008 | 160609e18540000sp |||||||||||||||||lat|d | ||
| 082 | 0 | 4 | |a 220.7 |b LAP |2 21 |
| 100 | |a Lapide, Cornelius a |e author |9 587013 | ||
| 245 | 1 | 0 | |a Commentarii in Scriptum sacram |
| 250 | |a 1a. ed | ||
| 300 | |a t | ||
| 942 | |c BK | ||
| 945 | |d 20160609 22:21:00 |a dcastane | ||
| 260 | |a León |b J. B. Pelagaud et Socios |c 1854 | ||
| 650 | 0 | |a Biblia |9 257603 | |
| 650 | 0 | |a Crítica e interpretación |9 255042 | |
| 650 | 0 | |a Sagradas escrituras |9 349657 | |
| 583 | |a last modification |c 20160609 22:21:00 |k Rodrigo Vera | ||
| 999 | |c 364538 |d 364536 | ||
| 952 | |0 0 |1 0 |3 erd |4 0 |6 220_700000000000000_LAP_1854 |7 0 |8 X |9 477851 |a BIBTEO |b BIBTEO |c TEO_FFR |h t.8 |i 5236150 |o 220.7 LAP 1854 |p 5236150 |r 2024-01-18 |w 2019-11-24 |y BK_X |z Catalogado en:20160609 |k OFM | ||
| 952 | |0 0 |1 0 |3 erd |4 0 |6 220_700000000000000_LAP_1854 |7 0 |8 X |9 477852 |a BIBTEO |b BIBTEO |h t.1 |i 5238943 |o 220.7 LAP 1854 |p 5238943 |r 2024-01-18 |w 2019-11-24 |y BK_X |z Catalogado en:20160616 |k OFM | ||
| 952 | |0 0 |1 0 |3 erd |4 0 |6 220_700000000000000_LAP_1854 |7 0 |8 X |9 477853 |a BIBTEO |b BIBTEO |h t.2 |i 5238951 |o 220.7 LAP 1854 |p 5238951 |r 2024-01-18 |w 2019-11-24 |y BK_X |z Catalogado en:20160616 |k OFM | ||
| 952 | |0 0 |1 0 |3 erd |4 0 |6 220_700000000000000_LAP_1854 |7 0 |8 X |9 477854 |a BIBTEO |b BIBTEO |h t.3 |i 523896K |o 220.7 LAP 1854 |p 523896K |r 2024-01-18 |w 2019-11-24 |y BK_X |z Catalogado en:20160616 |k OFM | ||
| 952 | |0 0 |1 0 |3 erd |4 0 |6 220_700000000000000_LAP_1854 |7 0 |8 X |9 477855 |a BIBTEO |b BIBTEO |h t.4 |i 5238978 |o 220.7 LAP 1854 |p 5238978 |r 2024-01-18 |w 2019-11-24 |y BK_X |z Catalogado en:20160616 |k OFM | ||
| 952 | |0 0 |1 0 |3 erd |4 0 |6 220_700000000000000_LAP_1854 |7 0 |8 X |9 477856 |a BIBTEO |b BIBTEO |h t.5 |i 5238986 |o 220.7 LAP 1854 |p 5238986 |r 2024-01-18 |w 2019-11-24 |y BK_X |z Catalogado en:20160616 |k OFM | ||
| 952 | |0 0 |1 0 |3 erd |4 0 |6 220_700000000000000_LAP_1854 |7 0 |8 X |9 477857 |a BIBTEO |b BIBTEO |h t.6 |i 5238994 |o 220.7 LAP 1854 |p 5238994 |r 2024-01-18 |w 2019-11-24 |y BK_X |z Catalogado en:20160616 |k OFM | ||
| 952 | |0 0 |1 0 |3 erd |4 0 |6 220_700000000000000_LAP_1854 |7 0 |8 X |9 477858 |a BIBTEO |b BIBTEO |h t.7 |i 5239001 |o 220.7 LAP 1854 |p 5239001 |r 2024-01-18 |w 2019-11-24 |y BK_X |z Catalogado en:20160616 |k OFM | ||